000 00422pab a2200169 454500
008 180718b2009 xxu||||| |||| 00| 0 eng d
100 _aTupe, Sanjay
245 _aThe performance of Indian power sector for pre and post-reforms period
260 _c2009
300 _ap.385-409.
362 _aDec
650 _aPower industry
700 _aNarayanan, K.
773 _aArtha Vijnana
908 _aN
909 _a87282
999 _c87282
_d87282